000
00277nam a2200121Ia 4500
005
20251222153615.0
008
251222s9999||||xx |||||||||||||| ||spa||
082
_a
813.3/H27L
100
_a
Nathaniel Hawthorne
245
0
_a
La letra escarlata
264
_b
Mateu
942
_c
LIB
999
_c
31770
_d
31770